Misericordia, verità pastorale (Record n. 209800)

Dettagli MARC
000 -LEADER
fixed length control field 01716nam a2200205Ia 4500
001 - CONTROL NUMBER
control field b7170-53273
003 - CONTROL NUMBER IDENTIFIER
control field IT-MiCISF
008 - FIXED-LENGTH DATA ELEMENTS--GENERAL INFORMATION
fixed length control field 161014s9999||||xx |||||||||||||| ||und||
040 ## - CATALOGING SOURCE
Original cataloging agency IT-MiCISF
Transcribing agency IT-MiCISF
041 ## - LANGUAGE CODE
Language code of text/sound track or separate title it
999 ## - SYSTEM CONTROL NUMBERS (KOHA)
Koha Dewey Subclass [OBSOLETE] si
100 ## - MAIN ENTRY--PERSONAL NAME
Personal name Perez-Soba Juan José (a cura di)
245 #0 - TITLE STATEMENT
Title Misericordia, verità pastorale
250 ## - EDITION STATEMENT
Edition statement 1a ed.
260 ## - PUBLICATION, DISTRIBUTION, ETC. (IMPRINT)
Place of publication, distribution, etc. Siena; Pontificio Istituto Giovanni Paolo II per Studi su Matrimonio e Famiglia
Name of publisher, distributor, etc. Cantagalli
Date of publication, distribution, etc. 2014
300 ## - PHYSICAL DESCRIPTION
Extent pp. 289
500 ## - GENERAL NOTE
General note Melina L., Harper McCarthy M., Musoni A., Stagliano A., Bordeyne P., Noriega J., Heller K., Schockenhoff E., Gambino G., Majorano S, Granados J., Chirila J. / pastorale, sinodo, morale, matrimonio-sacramento / La verità dell'amore del Padre, manifestato nel mondo dal Figlio, è il principio di tutta la pastorale della Chiesa. E' una missione che nasce dal cuore misericordioso di Cristo e solo così può essere credibile ed efficace tra gli uomini. La misericordia è dunque amore vero che genera la grazie e mira a convertire i peccatori. E' fonte di giustizia, che apre itinerari di crescita per le persone. Questo volume intende proporsi come un luogo di dialogo sulle grandi questioni teologiche che l'assunzione del principio della misericordia pone nell'azione pastorale della Chiesa, all'interno della prospettiva del Sinodo sulla Famiglia convocato da Papa Francesco nel biennio 2014-2015; senza entrare nella polemica di come la chiesa debba esercitare la Sua misericordia sulle questioni legate al matrimonio e alla famiglia, approfondisce la tematica di come poter favorire un nuovo incontro delle famiglie in difficoltà con Cristo.
650 ## - SUBJECT ADDED ENTRY--TOPICAL TERM
Topical term or geographic name as entry element pastorale
942 ## - ADDED ENTRY ELEMENTS (KOHA)
Koha item type LIBRO
957 ## -
-- 1
999 ## - SYSTEM CONTROL NUMBERS (KOHA)
-- 1
Dati di copia
Withdrawn status Lost status Damaged status Not for loan Home library Current library Date acquired Total Checkouts Full call number Date last seen Price effective from Koha item type Public note
    Buone Condizioni Not For Loan CISF - Milano CISF - Milano 14/10/2016   b7170-53273 14/10/2016 14/10/2016 LIBRO Data import 15.10.2016 / by Epidotti, Vaglietti
CREDITS: SOCIETA' SAN PAOLO Via A.Severo, 58 - ROMA (RM) & PERIODICI SAN PAOLO SRL Via Giotto, 36 MILANO & CISF Via Giotto, 36 MILANO & EDIZIONI SAN PAOLO SRL,  Piazza Soncino, 5 CINISELLO BALSAMO (MI) -- ITALY